Statistics for All 22 Teams that have Ever Won the Champions League

Click here to take the quiz!

General Stats

  • This quiz has been taken 92 times
  • The average score is 17 of 22

Answer Stats

HintAnswer% Correct
1 (13)Real Madrid
100%
5 (5)Barcelona
99%
T-7 (3)Manchester United
99%
T-3 (6)Liverpool
98%
T-3 (6)Bayern Munich
94%
T-7 (3)Inter Milan
94%
T-9 (2)Chelsea
91%
T-9 (2)Juventus
91%
2 (7)Milan
90%
6 (4)Ajax
89%
T-14 (1)Borussia Dortmund
86%
T-9 (2)Nottingham Forest
81%
T-9 (2)Porto
81%
T-14 (1)Aston Villa
77%
T-9 (2)Benfica
72%
T-14 (1)Marseille
72%
T-14 (1)PSV Eindhoven
70%
T-14 (1)Celtic
62%
T-14 (1)Hamburger SV
60%
T-14 (1)Feyenoord
58%
T-14 (1)Red Star Belgrade
48%
T-14 (1)Steaua București
25%

Score Distribution

Percentile by Number Answered

Percent of People with Each Score

Your Score History

You have not taken this quiz